00680nam a2200181 a 450000100100000000500170001000800410002704000250006808200150009310000160010824501420012426000350026630000240030149000400032570000230036571000680038883000420045600004521320240311204354.0150210s1983 dr 000 0 spa d aDO-SdBNPbspacBNPHU axxxxbxxxx1 aRoss, Jaime10aInstrumentos tributarios de financiamientos coadyuvantes a la producción agraria de alimentos /cJaime Ross ; presentación Luis Naut. aSanto Domingo :bINCAT,c1983. a1, 229 p. ;c21 cm.1 aManuales de finanzas públicasv1712aNaut, Luis,epres.22aInstituto de Capacitación Tributaria (República Dominicana) 0aManuales de finanzas públicas ;n17